Clubs de handball du Val d'Oise (95) - Statistiques

Statistiques générales
  • Ce quiz a été pris 5 fois
  • Le résultat moyen est 10 sur 23
Statistiques - réponses
Numéro Club (ville) % Correct
2 Cergy
80%
5 Eaubonne
80%
1 Argenteuil
60%
4 Deuil la Barre
60%
10 Magny en Vexin
60%
20 Sarcelles
60%
21 Soisy sous Montmorency
60%
23 Taverny
60%
6 Ezanville
40%
7 Garges les Gonesse
40%
8 Goussainville
40%
9 Herblay
40%
12 Mériel
40%
16 Saint Brice sous Forêt
40%
17 Saint Gratien
40%
18 Saint Ouen l'Aumône
40%
19 Sannois
40%
3 Cormeilles en Parisis
20%
11 Marines
20%
13 Montmagny
20%
14 Persan
20%
15 Roissy en France
20%
22 Survilliers
20%
Aucun quiz correspondant
Distribution des résultats
% des personnes avec chaque résultat
Percentile par nombre de réponses
Votre historique - résultats
Vous n’avez pas pris ce quiz